000 00651nam a22001937a 4500
005 20150112172128.0
010 _aBAC-CH25
020 _a9780753437414
_c350.00
035 _aB-550426-460
037 _adpl
_bAakar/Ven
082 _a510
100 _aPatel, Mukul
245 _aWe have got your Number /
_cby mukul Patel ; illustrated by Supriya Sahai
260 _aLondon
_bKingfisher
_c2014
270 _a20 New Wharf Road
_bLondon
_eN I 9RR.
300 _a91p.:
_c24cm(pbk)
_bcol.ill.
942 _2ddc
_cCH
_mPAT
_h510
999 _c86607
_d86607